LEADER 01296nam a2200289 i 4500 001 000000146965 003 CaOOAMICUS 005 20060209000000.0 008 060209s2005 it u000 u ita u 013 $a123899 020 $a88-8155-320-1 040 $aSeMil$bita 100 1 $aMontero, Étienne.$0(OLS)http://semarc/name/58404 245 10$aEutanasia :$bsofferenza e dignità al crepuscolo della vita /$cB. Ars ... [et al.] ; a cura di Bernard Ars & Étienne Montero ; prefazione di Francesco D'Agostino. 260 $aMilano :$bAres,$cCopyr. 2005. 300 $a208 p. :$bill. ;$c21 cm. 490 0 $aAnima & psiche ;$v12 650 4$aEutanasia.$0(OLS)http://semarc/subject/6496 700 1 $aD'Agostino, Francesco,$d<1946-2022>.$0(OLS)http://semarc/name/93081 700 1 $aArs, Bernard.$0(OLS)http://semarc/name/58405 830 0$aAnima & psiche ;$v12.$0(OLS)http://semarc/title/20350 850 $aSeMil 852 $aSeMil$W1$xVenegono$y1$m2E II 393$j99573$B99573$CSeMilBibl$Z2$F108008 $81 961 $aAcquisto: Mescat 996 $6020$a88-8155-320-1$9(OLS)http://semarc/number/135604 996 $6245$aEutanasia :$bsofferenza e dignità al crepuscolo della vita$9(OLS)http://semarc/title/214921 996 $6260$aMilano :$bAres$9(OLS)http://semarc/publisher/30250 LEADER 02205nam a2200385 i 4500 001 000000034768 003 CaOOAMICUS 005 20191028100558.0 008 110104s1989 it u000 u ita u 013 $a1765 020 $a88-85918-41-7 040 $aSeMil$bita 245 10$aRitorno alla liturgia :$bsaggi di studio sul movimento liturgico /$ca cura di Franco Brovelli. 260 $aRoma :$bCLV Edizioni Liturgiche,$c1989. 300 $a282 p. ;$c24 cm. 490 0 $aBibliotheca Ephemerides Liturgicae. Subsidia ;$v47 490 0 $aStudi di liturgia. Nuova serie ;$v18 650 4$aLiturgia - Storia.$0(OLS)http://semarc/subject/926 700 1 $aBrovelli, Franco,$d<1941- >.$0(OLS)http://semarc/name/15532 774 0 $aBrovelli, Franco <1941- >$tDentro la ricerca.$w()300616 774 0 $aGhiretti, Cristina$tMovimento liturgico in «Rivista Liturgica» tra il 1914 e il 19 «Ephemerides Liturgicae» «Subsidia» ; 47) (Studi di liturgia. Nuo.$w()300617 774 0 $aBonomo, Lucio$tLiturgia nella vita parrocchiale.$w()300618 774 0 $aZappa, Elena$tMovimento liturgico nelle righe di una legislazione sinodale.$w()300619 774 0 $aZaninetta, Alberto$tTema liturgico nei congressi eucaristici nazionali italiani tr rgiche, 1989. (Bibliotheca «Ephemerides Liturgicae» «Subsidia».$w()300621 774 0 $aColombo, Angelo$tRapporto liturgia spiritualità nella «Explication de la Messe» zioni Liturgiche, 1989. (Bibliotheca «Ephemerides Liturgicae» «Su.$w()300622 774 0 $aBrovelli, Franco <1941- >$tLiturgia e spiritualità.$w()300623 830 0$aBibliotheca Ephemerides Liturgicae. Subsidia ;$v47.$0(OLS)http://semarc/title/38 830 0$aStudi di liturgia. Nuova serie ;$v18.$0(OLS)http://semarc/title/28084 850 $aSeMil 852 $aSeMil$W1$xVenegono$y1$m3KA A 47$j226675$B923$CSeMilBibl$Z2$F923 $81 961 $aAcquisto: Casa editrice 996 $6020$a88-85918-41-7$9(OLS)http://semarc/number/2663 996 $6245$aRitorno alla liturgia :$bsaggi di studio sul movimento liturgico$9(OLS)http://semarc/title/47201 996 $6260$aRoma :$bCLV Edizioni Liturgiche$9(OLS)http://semarc/publisher/29627